Ho qualcosa da dirti /

Shranjeno v:
Bibliografske podrobnosti
Glavni avtor: Kureishi, Hanif (Author)
Drugi avtorji: Cotroneo, Ivan (Translator)
Format: Knjiga
Jezik:italijanščina
Izdano: Milano : Romanzo Bompiani, 2008
Serija:Narratori stranieri Bompiani
Oznake: Označite
Brez oznak, prvi označite!

MARC

LEADER 00000nam a22000007i 4500
001 IT\ICCU\RAV\1691204
003 ItRI
005 20250725093810.0
008 080707s2008 it |||||| ||||| |||||c
020 |a 9788845261138 
040 |b ita  |c ct 
041 7 |a ita  |2 ISO-639-2 
082 |a 823.914  |2 21 
100 1 |a Kureishi, Hanif  |0 IT\ICCU\CFIV\108235  |4 aut 
240 1 0 |a Something to tell you  |9 Kureishi, Hanif 
245 1 0 |a Ho qualcosa da dirti /  |c Hanif Kureishi ; traduzione di Ivan Cotroneo. 
260 |a Milano :  |b Romanzo Bompiani,  |c 2008 
300 |a 457 p. ;  |c 21 cm. 
700 1 |a Cotroneo, Ivan  |0 IT\ICCU\RAVV\092620  |4 trl 
830 0 |a Narratori stranieri Bompiani  |0 IT\ICCU\VIA\0077115 
942 |2 ddc  |c BK 
952 |0 0  |1 0  |2 ddc  |4 0  |6 B_LNR02KURHAHOQ11  |7 0  |9 7397  |a MI  |b MI  |d 2010-06-21  |i 6011  |l 0  |o B-LNR02-KURHA-HOQ11  |p CDOM6011  |r 2025-07-13 16:28:39  |w 2025-07-13  |x ACQUISTO  |y BK 
981 1 |6 z01  |a i   |b xxxe  
982 1 |6 z01  |a n 
999 |c 6094  |d 6094